Chushingura : The treasury of loyal retainers
Chushingura (The Treasury of Loyal Retainers), also known as the story of the Forty-six Ronin, is the most famous and perennially popular of all Japanese dramas. Written around 1748 as a puppet play, it is now better known through Kabuki theater performances.
Сохранить в:
| Главный автор: | |
|---|---|
| Формат: | |
| Язык: | Undetermined |
| Опубликовано: |
New York
Columbia University Press
1971
|
| Предметы: | |
| Метки: |
Добавить метку
Нет меток, Требуется 1-ая метка записи!
|
| Thư viện lưu trữ: | Trung tâm Học liệu Trường Đại học Cần Thơ |
|---|
| LEADER | 00923nam a2200229Ia 4500 | ||
|---|---|---|---|
| 001 | CTU_119433 | ||
| 008 | 210402s9999 xx 000 0 und d | ||
| 020 | |c 3850 | ||
| 082 | |a 895.623 | ||
| 082 | |b I.99 | ||
| 100 | |a Izumo, Takeda | ||
| 245 | 0 | |a Chushingura : | |
| 245 | 4 | |b The treasury of loyal retainers | |
| 245 | 2 | |c A puppet play by Takeda Izumo, Miyoshi Shoraku, and Namiki Senryu. Translated by Donald Keene. | |
| 260 | |a New York | ||
| 260 | |b Columbia University Press | ||
| 260 | |c 1971 | ||
| 520 | |a Chushingura (The Treasury of Loyal Retainers), also known as the story of the Forty-six Ronin, is the most famous and perennially popular of all Japanese dramas. Written around 1748 as a puppet play, it is now better known through Kabuki theater performances. | ||
| 650 | |a Forty-seven Ronin,Japan | ||
| 650 | |x Drama,Drama | ||
| 904 | |i Truc | ||
| 980 | |a Trung tâm Học liệu Trường Đại học Cần Thơ | ||